000 00926nam a2200289Ia 4500
003 OSt
005 20221006160256.0
006 a|||||r|||| 00| 0
007 ta
008 221006b |||||||| |||| 00| 0 eng d
020 _a9781603441711
_c
_40.00
024 _a44,795
037 _bgift, Window on Korea
_cTextual
040 _aEASL
_cEASL
_beng
041 _2eng
_aeng
082 _aV1:19(zM).N45, Q0
100 _aPowell James S.
_9672754
245 0 _aLearning under fire
_b The 112th cavalaryregiment in world war 2
260 _aTexas
_bA&M University Press
_c2010
300 _a260p.
_ccm.
490 _v Gen
650 _a Gen
650 _a World war - Regimental histories - United States
_9672755
650 _aUnited States - Army - Cawalry Regiment - History
_9672756
942 _hV1:19(zM).N45, Q0
_cTEXL
_2CC
999 _c1112887
_d1112887